000 00416nam a2200181Ia 4500
001 1013
005 20260306140600.0
008 260306t1995||||xx |||||||||||||| ||spa||
041 _aESP
082 _a179.9
_bM26
100 _aMartí García, Miguel-Angel
_eAUT
245 0 _aLa tolerancia
260 _c1995
300 _a114 páginas :
_c18 cm.
650 _aGEN
654 _aCHU
942 _cLIB
_dJUS
_fJUS
_2ddc
_n
999 _c1013
_d1013